[Event "Montreal Mercredi 02"]
[Site "Montreal CAN"]
[Date "2011.03.23"]
[Round "5"]
[White "Gagnon, Serge"]
[Black "Gauthier, Denis"]
[Result "0-1"]
[WhiteElo "2061"]
[BlackElo "2050"]
[PlyCount "64"]
[GameId "2160767909804368"]
[EventDate "2011.02.23"]
[EventType "tourn"]
[EventRounds "5"]
[EventCountry "CAN"]
[SourceTitle "EXT 2013"]
[Source "ChessBase"]
[SourceDate "2012.11.22"]
[SourceVersion "1"]
[SourceVersionDate "2012.11.22"]
[SourceQuality "1"]

1. d4 Nf6 2. c4 e6 3. Nc3 Bb4 4. f3 d5 5. a3 Bxc3+ 6. bxc3 c5 7. e3 O-O 8. Bd3 Nc6 9. Ne2 e5 10. cxd5 Nxd5 11. e4 Nf4 12. Nxf4 exf4 13. d5 Qh4+ 14. Ke2 Ne5 15. Qd2 g5 16. Qe1 Qh5 17. Qf2 b6 18. Bd2 f5 19. Bc2 Ba6+ 20. Kd1 fxe4 21. Bxe4 Rad8 22. Kc2 Bc4 23. g4 Qf7 24. h4 Bxd5 25. Rhe1 Bb3+ 26. Kb1 Nc4 27. Bc1 Qf6 28. hxg5 Qxc3 29. Bxh7+ Kxh7 30. Rh1+ Kg8 31. Ra2 Bxa2+ 32. Kxa2 Rd2+ 0-1

[Event "Montreal Mercredi 02"]
[Site "Montreal CAN"]
[Date "2011.03.23"]
[Round "5"]
[White "Gauthier, Luc"]
[Black "Brassard, Sylvain"]
[Result "0-1"]
[WhiteElo "1738"]
[BlackElo "1807"]
[PlyCount "112"]
[GameId "2160767909804369"]
[EventDate "2011.02.23"]
[EventType "tourn"]
[EventRounds "5"]
[EventCountry "CAN"]
[SourceTitle "EXT 2013"]
[Source "ChessBase"]
[SourceDate "2012.11.22"]
[SourceVersion "1"]
[SourceVersionDate "2012.11.22"]
[SourceQuality "1"]

1. e4 Nf6 2. e5 Nd5 3. Nc3 Nxc3 4. dxc3 d6 5. Nf3 Nc6 6. Bb5 Bd7 7. Qe2 e6 8. Bf4 a6 9. Bxc6 Bxc6 10. O-O-O Bxf3 11. Qxf3 d5 12. c4 c6 13. Qb3 b5 14. cxd5 cxd5 15. a4 Qb8 16. Rhe1 Be7 17. Qg3 g6 18. Bg5 Qc7 19. Bxe7 Qxe7 20. Qf4 Rc8 21. Rd4 Rc4 22. Red1 Qc7 23. Rxc4 bxc4 24. Qf6 O-O 25. h4 Qd8 26. Qxd8 Rxd8 27. Rd4 Rb8 28. c3 Kg7 29. g4 Rf8 30. g5 h6 31. Kc2 hxg5 32. hxg5 Rh8 33. b4 Rh2 34. Rf4 Rg2 35. b5 axb5 36. axb5 Rxg5 37. Kb2 Rxe5 38. Ka3 d4 39. Rxd4 Rxb5 40. Rxc4 f5 41. f4 Kf6 42. Ka4 Rb1 43. Rd4 g5 44. fxg5+ Kxg5 45. c4 e5 46. Rd5 e4 47. c5 e3 48. c6 Kg4 49. Rc5 Ra1+ 50. Kb5 Ra8 51. c7 f4 52. Kb6 e2 53. Re5 f3 54. Re4+ Kg3 55. Re3 Kf2 56. Kb7 Rh8 0-1

[Event "Montreal Mercredi 02"]
[Site "Montreal CAN"]
[Date "2011.03.23"]
[Round "5"]
[White "Khudaverdian, Berj"]
[Black "Lopez Linares, Lizandro"]
[Result "0-1"]
[WhiteElo "1856"]
[BlackElo "1880"]
[PlyCount "86"]
[GameId "2160767909804370"]
[EventDate "2011.02.23"]
[EventType "tourn"]
[EventRounds "5"]
[EventCountry "CAN"]
[SourceTitle "EXT 2013"]
[Source "ChessBase"]
[SourceDate "2012.11.22"]
[SourceVersion "1"]
[SourceVersionDate "2012.11.22"]
[SourceQuality "1"]

1. f4 f5 2. b3 Nf6 3. Nf3 g6 4. Bb2 Bg7 5. e3 O-O 6. Be2 b6 7. O-O Bb7 8. d3 a5 9. Nc3 Nd5 10. Qd2 e6 11. Rab1 Nf6 12. a4 Nc6 13. Nb5 d6 14. Nfd4 Nxd4 15. Nxd4 Qe7 16. Ba3 e5 17. Nb5 Rf7 18. Rbe1 Re8 19. Bf3 e4 20. Bd1 exd3 21. cxd3 c5 22. Bf3 Bxf3 23. Rxf3 Nd5 24. Bb2 Bxb2 25. Qxb2 Nb4 26. Rd1 d5 27. Qd2 Qd7 28. h4 Rfe7 29. h5 d4 30. e4 fxe4 31. dxe4 Rxe4 32. f5 gxf5 33. Qg5+ Qg7 34. Qxf5 R4e5 35. Qh3 Re3 36. Rxe3 dxe3 37. Nd6 e2 38. Re1 Qd4+ 39. Kh1 Qxd6 40. h6 Qg6 41. Qh4 Nd3 42. Qc4+ Re6 43. Rxe2 Qh5+ 0-1

[Event "Montreal Mercredi 02"]
[Site "Montreal CAN"]
[Date "2011.03.23"]
[Round "5"]
[White "Lescarbeau, Martin"]
[Black "Baran, Marius"]
[Result "0-1"]
[WhiteElo "1621"]
[BlackElo "1682"]
[PlyCount "106"]
[GameId "2160767909804371"]
[EventDate "2011.02.23"]
[EventType "tourn"]
[EventRounds "5"]
[EventCountry "CAN"]
[SourceTitle "EXT 2013"]
[Source "ChessBase"]
[SourceDate "2012.11.22"]
[SourceVersion "1"]
[SourceVersionDate "2012.11.22"]
[SourceQuality "1"]

1. d4 Nf6 2. c4 e6 3. g3 d5 4. Bg2 Nbd7 5. Nf3 b6 6. O-O Bb7 7. cxd5 exd5 8. Nc3 Be7 9. Bg5 h6 10. Bf4 Nh5 11. Be5 Nhf6 12. Rc1 c5 13. Nb5 Nxe5 14. dxe5 Ne4 15. Ne1 Qd7 16. Nc3 Rd8 17. Nxe4 dxe4 18. Qc2 Bg5 19. e3 Ba6 20. Bxe4 Bxf1 21. Kxf1 O-O 22. h4 Be7 23. Qb3 b5 24. Bb1 Qd2 25. Rc3 c4 26. Qxb5 Rb8 27. Qxc4 Rxb2 28. Rc2 Rxc2 29. Bxc2 Qb4 30. Qxb4 Bxb4 31. Nd3 Bc3 32. Ke2 Re8 33. f4 Kf8 34. Bb3 Rd8 35. e4 a5 36. Bd5 Bd4 37. h5 Rb8 38. Bb3 Ke7 39. f5 Rb5 40. e6 fxe6 41. Bxe6 Rb1 42. g4 Rh1 43. Bc4 Rh3 44. f6+ Kxf6 45. Bd5 Re3+ 46. Kd2 Rg3 47. Ne1 Bc3+ 48. Ke2 Bxe1 49. Kxe1 Rxg4 50. Bc6 Ke5 51. Kd2 Rg2+ 52. Kc3 Rxa2 53. Kb3 Re2 0-1

[Event "Montreal Mercredi 02"]
[Site "Montreal CAN"]
[Date "2011.03.23"]
[Round "5"]
[White "Morin, Louis"]
[Black "Levkovsky, Alexandre"]
[Result "0-1"]
[WhiteElo "1903"]
[BlackElo "2246"]
[PlyCount "76"]
[GameId "2160767909804372"]
[EventDate "2011.02.23"]
[EventType "tourn"]
[EventRounds "5"]
[EventCountry "CAN"]
[SourceTitle "EXT 2013"]
[Source "ChessBase"]
[SourceDate "2012.11.22"]
[SourceVersion "1"]
[SourceVersionDate "2012.11.22"]
[SourceQuality "1"]

1. e4 e5 2. Nf3 Nc6 3. Bb5 a6 4. Bxc6 dxc6 5. O-O Bg4 6. h3 h5 7. d3 Qf6 8. Nbd2 Ne7 9. Re1 Ng6 10. hxg4 hxg4 11. Nh2 Bc5 12. Ndf3 gxf3 13. Nxf3 Nh4 14. Be3 Bxe3 15. Rxe3 Nxg2 16. Kxg2 Qg6+ 17. Ng5 Qxg5+ 18. Rg3 Qf4 19. Qg4 Qxg4 20. Rxg4 Kf8 21. f4 exf4 22. Rf1 Re8 23. Rgxf4 f6 24. d4 Kf7 25. R1f3 Rh5 26. Rh3 Rxh3 27. Kxh3 g5 28. Rg4 Rh8+ 29. Kg2 Kg6 30. Rg3 Rd8 31. c3 Re8 32. Re3 g4 33. c4 Kg5 34. e5 Kf4 35. Rb3 fxe5 36. dxe5 b6 37. Ra3 Rxe5 38. Rxa6 Ra5 0-1

[Event "Montreal Mercredi 02"]
[Site "Montreal CAN"]
[Date "2011.03.23"]
[Round "5"]
[White "Nardone, Raul"]
[Black "Pregent, Daniel"]
[Result "0-1"]
[WhiteElo "1779"]
[BlackElo "1840"]
[PlyCount "58"]
[GameId "2160767909804373"]
[EventDate "2011.02.23"]
[EventType "tourn"]
[EventRounds "5"]
[EventCountry "CAN"]
[SourceTitle "EXT 2013"]
[Source "ChessBase"]
[SourceDate "2012.11.22"]
[SourceVersion "1"]
[SourceVersionDate "2012.11.22"]
[SourceQuality "1"]

1. e4 c6 2. d4 d5 3. exd5 cxd5 4. c4 Nf6 5. Nc3 Nc6 6. Nf3 g6 7. cxd5 Nxd5 8. Bc4 Nxc3 9. bxc3 Bg7 10. O-O O-O 11. h3 Na5 12. Bd3 Be6 13. Qe2 Rc8 14. Bd2 Nc4 15. Bg5 Re8 16. Rfc1 Qc7 17. a4 Bd5 18. Be4 Qc6 19. Bxd5 Qxd5 20. Qa2 Qf5 21. Rab1 b6 22. Rb5 Qd3 23. Ne1 Qe4 24. f3 Qa8 25. Nd3 Nd6 26. Rb3 Qd5 27. Be3 Nf5 28. Bf2 Bh6 29. Re1 Rxc3 0-1

[Event "Montreal Mercredi 02"]
[Site "Montreal CAN"]
[Date "2011.03.23"]
[Round "5"]
[White "Pilotte, Benoit"]
[Black "Gates, Claude-Eric"]
[Result "1-0"]
[WhiteElo "1782"]
[BlackElo "1713"]
[PlyCount "61"]
[GameId "2160767909804374"]
[EventDate "2011.02.23"]
[EventType "tourn"]
[EventRounds "5"]
[EventCountry "CAN"]
[SourceTitle "EXT 2013"]
[Source "ChessBase"]
[SourceDate "2012.11.22"]
[SourceVersion "1"]
[SourceVersionDate "2012.11.22"]
[SourceQuality "1"]

1. e4 e5 2. Nc3 Nf6 3. f4 d5 4. fxe5 Nxe4 5. Nf3 Bc5 6. d4 Bb4 7. Bd2 Bg4 8. g3 c5 9. Bb5+ Nc6 10. O-O O-O 11. Bxc6 bxc6 12. Qe2 Bxc3 13. Bxc3 Ng5 14. Qe3 Nxf3+ 15. Rxf3 Bxf3 16. Qxf3 Qe7 17. Qe3 c4 18. Qd2 Qe6 19. Bb4 Rfd8 20. b3 Rd7 21. Rf1 Rb8 22. Bc5 h6 23. Qf4 a5 24. Rf3 Rb5 25. Bd6 a4 26. b4 Rxd6 27. exd6 Rxb4 28. Re3 Qh3 29. Qe5 Rb8 30. Qe7 Rb7 31. Qxb7 1-0

[Event "Montreal Mercredi 02"]
[Site "Montreal CAN"]
[Date "2011.03.23"]
[Round "5"]
[White "Rondon, Luciano"]
[Black "Cardin, Guillaume"]
[Result "1/2-1/2"]
[WhiteElo "1869"]
[BlackElo "1849"]
[PlyCount "60"]
[GameId "2160767909804375"]
[EventDate "2011.02.23"]
[EventType "tourn"]
[EventRounds "5"]
[EventCountry "CAN"]
[SourceTitle "EXT 2013"]
[Source "ChessBase"]
[SourceDate "2012.11.22"]
[SourceVersion "1"]
[SourceVersionDate "2012.11.22"]
[SourceQuality "1"]

1. d4 Nf6 2. c4 e6 3. Nf3 Bb4+ 4. Bd2 Bxd2+ 5. Nbxd2 c5 6. e3 Nc6 7. a3 cxd4 8. exd4 a5 9. Bd3 Qb6 10. d5 exd5 11. cxd5 Nxd5 12. Nc4 Qc5 13. O-O O-O 14. Rc1 Nf4 15. Bb1 Ra6 16. Qd2 Nd4 17. Nxd4 Qxd4 18. Qxd4 Ne2+ 19. Kh1 Nxd4 20. Rfd1 Ne2 21. Rc2 Nf4 22. Nd6 Rc6 23. Rcd2 b6 24. Nxc8 Rfxc8 25. Rxd7 Rc1 26. g3 Ne6 27. Be4 g5 28. Kg2 Rxd1 29. Rxd1 Rc5 30. Rd5 Rxd5 1/2-1/2

[Event "Montreal Mercredi 02"]
[Site "Montreal CAN"]
[Date "2011.03.23"]
[Round "5"]
[White "Weston, Paul"]
[Black "Lalonde, Paul"]
[Result "1/2-1/2"]
[WhiteElo "1850"]
[BlackElo "1880"]
[PlyCount "64"]
[GameId "2160767909804376"]
[EventDate "2011.02.23"]
[EventType "tourn"]
[EventRounds "5"]
[EventCountry "CAN"]
[SourceTitle "EXT 2013"]
[Source "ChessBase"]
[SourceDate "2012.11.22"]
[SourceVersion "1"]
[SourceVersionDate "2012.11.22"]
[SourceQuality "1"]

1. e4 e5 2. Nf3 Nc6 3. Bb5 a6 4. Ba4 Nf6 5. d3 b5 6. Bb3 Be7 7. O-O O-O 8. Re1 d6 9. c3 Bg4 10. Nbd2 Qd7 11. Nf1 Rfe8 12. Ne3 Be6 13. Ng5 Bxb3 14. Qxb3 Bf8 15. Nd5 Nxd5 16. Qxd5 Na5 17. b4 c6 18. Qxf7+ Qxf7 19. Nxf7 Kxf7 20. bxa5 d5 21. Be3 Rad8 22. Bb6 Rd7 23. exd5 cxd5 24. d4 e4 25. a4 b4 26. cxb4 Bxb4 27. Re2 Rc8 28. f3 exf3 29. Rf1 g6 30. Ref2 Rc4 31. Rxf3+ Kg7 32. h4 Rc3 1/2-1/2

[Event "Montreal Mercredi 04"]
[Site "Montreal CAN"]
[Date "2011.04.06"]
[Round "1"]
[White "Brassard, Sylvain"]
[Black "Gates, Claude-Eric"]
[Result "1-0"]
[WhiteElo "1867"]
[BlackElo "1701"]
[PlyCount "93"]
[GameId "2160767909778922"]
[EventDate "2011.04.06"]
[EventType "tourn"]
[EventRounds "5"]
[EventCountry "CAN"]
[SourceTitle "EXT 2013"]
[Source "ChessBase"]
[SourceDate "2012.11.22"]
[SourceVersion "1"]
[SourceVersionDate "2012.11.22"]
[SourceQuality "1"]

1. d4 e6 2. Nf3 Nf6 3. Bg5 c5 4. e3 Be7 5. Bd3 Qb6 6. b3 cxd4 7. exd4 Nc6 8. c3 d5 9. O-O Qc7 10. Re1 h6 11. Bh4 Bd7 12. Ne5 O-O 13. Nd2 Rac8 14. Rc1 Qd8 15. Ndf3 Nxe5 16. dxe5 Ne8 17. Bxe7 Qxe7 18. Bb1 Nc7 19. Qd3 g6 20. Nd4 Qg5 21. Re3 f5 22. exf6 e5 23. Nf3 Qxf6 24. Qxg6+ Qxg6 25. Bxg6 e4 26. Nd4 Rf6 27. Rg3 Kf8 28. Bh7 Ne8 29. Rg6 Kf7 30. Rg3 Kf8 31. Bg8 Nc7 32. Rd1 Be8 33. c4 dxc4 34. Bxc4 Bf7 35. Bxf7 Kxf7 36. Ne2 Ne6 37. Rc3 Rf8 38. Ng3 Ng5 39. h4 Ne6 40. Nxe4 Rf4 41. f3 Rxh4 42. Rd7+ Kg8 43. Rxb7 Nf4 44. Rcc7 Rd8 45. Rg7+ Kf8 46. Rbf7+ Ke8 47. Nf6# 1-0

[Event "Montreal Mercredi 04"]
[Site "Montreal CAN"]
[Date "2011.04.06"]
[Round "1"]
[White "Deshetres, Michel"]
[Black "Frangulian, Eric"]
[Result "1-0"]
[WhiteElo "1696"]
[BlackElo "1648"]
[PlyCount "41"]
[GameId "2160767909778924"]
[EventDate "2011.04.06"]
[EventType "tourn"]
[EventRounds "5"]
[EventCountry "CAN"]
[SourceTitle "EXT 2013"]
[Source "ChessBase"]
[SourceDate "2012.11.22"]
[SourceVersion "1"]
[SourceVersionDate "2012.11.22"]
[SourceQuality "1"]

1. d4 Nf6 2. c4 g6 3. Nc3 Bg7 4. e4 d6 5. f4 Bg4 6. Nf3 Nbd7 7. e5 Ng8 8. h3 Bxf3 9. Qxf3 c6 10. Be3 Qc7 11. Bd3 e6 12. O-O Ne7 13. g4 h5 14. Ne4 Nc8 15. f5 hxg4 16. hxg4 exf5 17. gxf5 g5 18. f6 Bf8 19. e6 fxe6 20. Nxg5 d5 21. Bg6+ 1-0

[Event "Montreal Mercredi 04"]
[Site "Montreal CAN"]
[Date "2011.04.06"]
[Round "1"]
[White "Dumont, Felix"]
[Black "Plante, Michel"]
[Result "0-1"]
[WhiteElo "1996"]
[BlackElo "2094"]
[PlyCount "92"]
[GameId "2160767909778925"]
[EventDate "2011.04.06"]
[EventType "tourn"]
[EventRounds "5"]
[EventCountry "CAN"]
[SourceTitle "EXT 2013"]
[Source "ChessBase"]
[SourceDate "2012.11.22"]
[SourceVersion "1"]
[SourceVersionDate "2012.11.22"]
[SourceQuality "1"]

1. e4 d6 2. d4 Nf6 3. f3 d5 4. e5 Ng8 5. Bd3 c5 6. c3 Nc6 7. Ne2 e6 8. O-O Bd7 9. Be3 cxd4 10. cxd4 Qb6 11. Nbc3 Nxe5 12. Na4 Bxa4 13. Qxa4+ Nc6 14. Rac1 Qb4 15. Qc2 Bd6 16. Bd2 Qb6 17. Kh1 Nge7 18. f4 g6 19. a3 Nf5 20. Rf3 h5 21. Bxf5 gxf5 22. Rb3 Qa6 23. Re3 Kd7 24. b4 Rac8 25. Qb2 b5 26. a4 Ne7 27. Ra1 Rc7 28. Rea3 Rb8 29. Nc3 bxa4 30. Rxa4 Qd3 31. Rxa7 Qxd4 32. Rxc7+ Bxc7 33. b5 Nc8 34. Qc1 Nb6 35. Be3 Qc4 36. Qd2 Ra8 37. Rxa8 Nxa8 38. h3 Ba5 39. Bd4 Nb6 40. Kh2 Na4 41. Nxa4 Bxd2 42. Nb6+ Kd6 43. Nxc4+ dxc4 44. Kg3 c3 45. Kh4 c2 46. Bb2 Bxf4 0-1

[Event "Montreal Mercredi 04"]
[Site "Montreal CAN"]
[Date "2011.04.06"]
[Round "1"]
[White "Giroux, Robert"]
[Black "Rondon, Luciano"]
[Result "0-1"]
[WhiteElo "1955"]
[BlackElo "1869"]
[PlyCount "72"]
[GameId "2160767909778926"]
[EventDate "2011.04.06"]
[EventType "tourn"]
[EventRounds "5"]
[EventCountry "CAN"]
[SourceTitle "EXT 2013"]
[Source "ChessBase"]
[SourceDate "2012.11.22"]
[SourceVersion "1"]
[SourceVersionDate "2012.11.22"]
[SourceQuality "1"]

1. Nf3 Nf6 2. c4 g6 3. Nc3 Bg7 4. e4 d6 5. d4 O-O 6. g3 Nbd7 7. Bg2 c5 8. O-O cxd4 9. Nxd4 Ne5 10. b3 Bg4 11. f3 Bd7 12. Be3 Qc8 13. Qd2 Bh3 14. Rad1 Bxg2 15. Qxg2 Nc6 16. Nde2 Nd7 17. f4 Kh8 18. Kh1 f5 19. exf5 gxf5 20. Bf2 Nf6 21. Rfe1 e5 22. Rxd6 e4 23. a3 Rd8 24. Rxd8+ Qxd8 25. Rd1 Qa5 26. Nb5 Rd8 27. Qg1 Ng4 28. Bd4 Nxd4 29. Nexd4 e3 30. Kg2 Nf2 31. b4 Qa4 32. Re1 Bxd4 33. Nxd4 Rxd4 34. Rxe3 Rd2 35. Qa1+ Kg8 36. Re7 Qc6+ 0-1

[Event "Montreal Mercredi 04"]
[Site "Montreal CAN"]
[Date "2011.04.06"]
[Round "1"]
[White "Khudaverdian, Berj"]
[Black "Cardin, Guillaume"]
[Result "0-1"]
[WhiteElo "1827"]
[BlackElo "1825"]
[PlyCount "78"]
[GameId "2160767909778927"]
[EventDate "2011.04.06"]
[EventType "tourn"]
[EventRounds "5"]
[EventCountry "CAN"]
[SourceTitle "EXT 2013"]
[Source "ChessBase"]
[SourceDate "2012.11.22"]
[SourceVersion "1"]
[SourceVersionDate "2012.11.22"]
[SourceQuality "1"]

1. f4 d5 2. Nf3 Nf6 3. g3 c6 4. Bg2 g6 5. O-O Bg7 6. h3 Ne4 7. Kh2 O-O 8. d3 Nd6 9. c3 Nd7 10. Be3 Re8 11. Nbd2 Nf5 12. Bf2 e5 13. e4 dxe4 14. dxe4 Nd6 15. Qc2 Qc7 16. f5 gxf5 17. exf5 e4 18. Nxe4 Nxe4 19. Rae1 Ndf6 20. Nh4 Nxf2 21. Rxe8+ Nxe8 22. Rxf2 Bf6 23. Qe4 Ng7 24. Qg4 Bxh4 25. Qxh4 Bxf5 26. Qg5 Bg6 27. h4 Re8 28. Rd2 Qe7 29. Qg4 Qe6 30. Qd4 Qe5 31. Qxa7 Nf5 32. Qf2 Qe3 33. h5 Bxh5 34. Qxf5 Qxd2 35. Qxh5 Re6 36. Qg4+ Rg6 37. Qc8+ Kg7 38. Qxb7 Rh6+ 39. Kg1 Qe3+ 0-1

[Event "Montreal Mercredi 04"]
[Site "Montreal CAN"]
[Date "2011.04.06"]
[Round "1"]
[White "Lalonde, Paul"]
[Black "Lopez Linares, Lizandro"]
[Result "1/2-1/2"]
[WhiteElo "1910"]
[BlackElo "1892"]
[PlyCount "135"]
[GameId "2160767909778928"]
[EventDate "2011.04.06"]
[EventType "tourn"]
[EventRounds "5"]
[EventCountry "CAN"]
[SourceTitle "EXT 2013"]
[Source "ChessBase"]
[SourceDate "2012.11.22"]
[SourceVersion "1"]
[SourceVersionDate "2012.11.22"]
[SourceQuality "1"]

1. e4 c5 2. Nf3 d6 3. d4 cxd4 4. Nxd4 Nf6 5. Nc3 a6 6. f3 e5 7. Nb3 Be6 8. Be3 Nbd7 9. Qd2 Rc8 10. O-O-O Qc7 11. g4 Be7 12. h4 d5 13. exd5 Nxd5 14. Nxd5 Bxd5 15. Be2 O-O 16. Na1 Be6 17. g5 Rfd8 18. h5 Nb6 19. Qa5 Nd5 20. Qxc7 Rxc7 21. Bd2 Bf5 22. Kb1 Rdc8 23. Rhe1 Bxc2+ 24. Nxc2 Rxc2 25. Bd3 R2c7 26. Rxe5 Nb4 27. Rxe7 Nxd3 28. Rxc7 Rxc7 29. Bc3 Rd7 30. h6 gxh6 31. gxh6 Ne5 32. Re1 f6 33. f4 Ng4 34. Rg1 f5 35. Rh1 Rd6 36. Bg7 Kf7 37. Rh5 Ne3 38. b3 Ke6 39. Rh1 Kd5 40. Be5 Rc6 41. Kb2 Ke4 42. Rh5 b5 43. a3 a5 44. Rg5 Rxh6 45. Rg7 Rh2+ 46. Kb1 h5 47. Bc7 a4 48. bxa4 bxa4 49. Re7+ Kd3 50. Rd7+ Kc4 51. Be5 Rh1+ 52. Kb2 Rh2+ 53. Kb1 Nd5 54. Rf7 h4 55. Rxf5 Kb3 56. Kc1 h3 57. Rh5 Rc2+ 58. Kb1 Rh2 59. Kc1 Ne3 60. Bd4 Ng4 61. f5 Kc4 62. Rh4 Rg2 63. f6 Kxd4 64. f7 Rf2 65. Rxg4+ Kc3 66. Rg3+ Kd4 67. Rxh3 Rxf7 68. Kb2 1/2-1/2

[Event "Montreal Mercredi 04"]
[Site "Montreal CAN"]
[Date "2011.04.06"]
[Round "1"]
[White "Levkovsky, Alexandre"]
[Black "Sasseville, Jean"]
[Result "1-0"]
[WhiteElo "2253"]
[BlackElo "1967"]
[PlyCount "73"]
[GameId "2160767909778929"]
[EventDate "2011.04.06"]
[EventType "tourn"]
[EventRounds "5"]
[EventCountry "CAN"]
[SourceTitle "EXT 2013"]
[Source "ChessBase"]
[SourceDate "2012.11.22"]
[SourceVersion "1"]
[SourceVersionDate "2012.11.22"]
[SourceQuality "1"]

1. e4 c6 2. d4 d5 3. e5 Bf5 4. g4 Bg6 5. e6 Qd6 6. exf7+ Bxf7 7. Nf3 Nd7 8. Bd3 O-O-O 9. Qe2 g6 10. Ne5 Nxe5 11. dxe5 Qd7 12. f4 Nh6 13. h3 e6 14. c3 Bg7 15. Be3 Kb8 16. Nd2 Be8 17. a4 Nf7 18. Nf3 Qc7 19. Qf2 b6 20. a5 b5 21. O-O Bf8 22. b4 Rc8 23. Nd4 Bd7 24. Nb3 g5 25. Rae1 gxf4 26. Bxf4 Be7 27. Nc5 Ka8 28. Qe3 Rcg8 29. Re2 h5 30. Rg2 hxg4 31. hxg4 Bxc5 32. Qxc5 Ng5 33. Bxg5 Rxg5 34. Rf7 Rh3 35. Bxb5 Rxe5 36. Rf8+ Kb7 37. a6# 1-0

[Event "Montreal Mercredi 04"]
[Site "Montreal CAN"]
[Date "2011.04.06"]
[Round "1"]
[White "Luo, Zhao Yang"]
[Black "Morin, Louis"]
[Result "0-1"]
[WhiteElo "1913"]
[BlackElo "1886"]
[PlyCount "60"]
[GameId "2160767909778930"]
[EventDate "2011.04.06"]
[EventType "tourn"]
[EventRounds "5"]
[EventCountry "CAN"]
[SourceTitle "EXT 2013"]
[Source "ChessBase"]
[SourceDate "2012.11.22"]
[SourceVersion "1"]
[SourceVersionDate "2012.11.22"]
[SourceQuality "1"]

1. d4 e5 2. dxe5 Nc6 3. Nf3 Qe7 4. e6 dxe6 5. Nc3 Bd7 6. e4 e5 7. Bb5 O-O-O 8. Qe2 Qe8 9. O-O Nf6 10. Nd5 Nxd5 11. exd5 Nd4 12. Nxd4 exd4 13. Qxe8 Rxe8 14. Bc4 Bd6 15. Bg5 f6 16. Bh4 Bf5 17. Bb3 Re2 18. Rfe1 Rhe8 19. f3 d3 20. cxd3 Bc5+ 21. Kh1 Bxd3 22. a3 Rxe1+ 23. Bxe1 Kd7 24. g4 Bd4 25. Bc3 Bxc3 26. bxc3 Kd6 27. a4 Kc5 28. Kg1 Bc4 29. Bc2 Bxd5 30. Kf2 h6 0-1

[Event "Montreal Mercredi 04"]
[Site "Montreal CAN"]
[Date "2011.04.06"]
[Round "1"]
[White "Soskic, Radmilo"]
[Black "Millette, Sylvain"]
[Result "1-0"]
[WhiteElo "1741"]
[BlackElo "1562"]
[PlyCount "42"]
[GameId "2160767909778933"]
[EventDate "2011.04.06"]
[EventType "tourn"]
[EventRounds "5"]
[EventCountry "CAN"]
[SourceTitle "EXT 2013"]
[Source "ChessBase"]
[SourceDate "2012.11.22"]
[SourceVersion "1"]
[SourceVersionDate "2012.11.22"]
[SourceQuality "1"]

1. d4 Nf6 2. c4 g6 3. Nc3 d5 4. Nf3 Bg7 5. e3 O-O 6. Bd3 c5 7. O-O cxd4 8. exd4 dxc4 9. Bxc4 e6 10. h3 a6 11. a4 Nc6 12. Bg5 Qb6 13. Qb3 Qxb3 14. Bxb3 b6 15. Rad1 Na5 16. Ba2 Bb7 17. Ne5 Rad8 18. d5 h6 19. dxe6 Rxd1 20. Rxd1 Kh7 21. Bxf6 Bxf6 1-0

[Event "Montreal Mercredi 04"]
[Site "Montreal CAN"]
[Date "2011.04.06"]
[Round "2"]
[White "Brassard, Sylvain"]
[Black "Nardone, Raul"]
[Result "0-1"]
[WhiteElo "1867"]
[BlackElo "1749"]
[PlyCount "54"]
[GameId "2160767909778934"]
[EventDate "2011.04.06"]
[EventType "tourn"]
[EventRounds "5"]
[EventCountry "CAN"]
[SourceTitle "EXT 2013"]
[Source "ChessBase"]
[SourceDate "2012.11.22"]
[SourceVersion "1"]
[SourceVersionDate "2012.11.22"]
[SourceQuality "1"]

1. d4 e6 2. c4 f5 3. g3 Nf6 4. Bg2 d5 5. cxd5 exd5 6. Bg5 Be7 7. e3 O-O 8. Ne2 c6 9. O-O h6 10. Bxf6 Bxf6 11. b4 a5 12. b5 Be6 13. bxc6 bxc6 14. Nbc3 Na6 15. Nf4 Bf7 16. Qc2 g5 17. Nd3 Nb4 18. Nxb4 axb4 19. Na4 Qd6 20. Qc5 Be7 21. Qc2 Rfb8 22. Rfc1 Kg7 23. Nb2 Rxa2 24. Rxa2 b3 25. Qb1 bxa2 26. Qxa2 Qa3 27. Qxa3 Bxa3 0-1

[Event "Montreal Mercredi 04"]
[Site "Montreal CAN"]
[Date "2011.04.06"]
[Round "2"]
[White "Frangulian, Eric"]
[Black "Lescarbeau, Martin"]
[Result "1-0"]
[WhiteElo "1648"]
[BlackElo "1634"]
[PlyCount "119"]
[GameId "2160767909778936"]
[EventDate "2011.04.06"]
[EventType "tourn"]
[EventRounds "5"]
[EventCountry "CAN"]
[SourceTitle "EXT 2013"]
[Source "ChessBase"]
[SourceDate "2012.11.22"]
[SourceVersion "1"]
[SourceVersionDate "2012.11.22"]
[SourceQuality "1"]

1. e4 Nf6 2. e5 Nd5 3. d4 d6 4. c4 Nb6 5. Nc3 Nc6 6. Nf3 dxe5 7. d5 Nd4 8. Nxe5 Nf5 9. Bd3 g6 10. g4 Nh6 11. Bxh6 Bxh6 12. Qf3 O-O 13. Qg3 e6 14. h4 exd5 15. g5 Bg7 16. O-O-O d4 17. Ne4 Bf5 18. h5 Re8 19. f4 Bxe5 20. fxe5 Bxe4 21. Bxe4 Kg7 22. hxg6 hxg6 23. Rh3 Qe7 24. Rdh1 Rh8 25. b3 Rxh3 26. Rxh3 Rh8 27. Rxh8 Kxh8 28. Bxb7 Qa3+ 29. Kb1 Kg8 30. Qf2 Qc5 31. Qf6 Nxc4 32. bxc4 Qb4+ 33. Kc2 Qxc4+ 34. Kd1 Qd3+ 35. Ke1 Qb1+ 36. Kf2 Qxa2+ 37. Kg3 Qb3+ 38. Bf3 c5 39. Qd8+ Kh7 40. Qc7 d3 41. Qxa7 d2 42. Qd7 Kg7 43. Qxd2 c4 44. Qd4 Qd3 45. Qxd3 cxd3 46. Bd1 Kf8 47. Kf3 Ke7 48. Bb3 d2 49. Ke2 Kf8 50. Kxd2 Kg8 51. Ke3 Kf8 52. Kd4 Ke7 53. Kc5 Ke8 54. Kd6 Kf8 55. Kd7 Kg7 56. Ke7 Kg8 57. Bxf7+ Kg7 58. Ba2 Kh7 59. Kf7 Kh8 60. e6 1-0

[Event "Montreal Mercredi 04"]
[Site "Montreal CAN"]
[Date "2011.04.06"]
[Round "2"]
[White "Gates, Claude-Eric"]
[Black "Cardin, Guillaume"]
[Result "0-1"]
[WhiteElo "1701"]
[BlackElo "1825"]
[PlyCount "74"]
[GameId "2160767909778937"]
[EventDate "2011.04.06"]
[EventType "tourn"]
[EventRounds "5"]
[EventCountry "CAN"]
[SourceTitle "EXT 2013"]
[Source "ChessBase"]
[SourceDate "2012.11.22"]
[SourceVersion "1"]
[SourceVersionDate "2012.11.22"]
[SourceQuality "1"]

1. c4 e5 2. g3 Nf6 3. Bg2 d5 4. cxd5 Nxd5 5. Nc3 Nb6 6. Nf3 Nc6 7. O-O Be7 8. d3 O-O 9. a3 Re8 10. b4 Bf8 11. Bg5 f6 12. Be3 Nd4 13. Bxd4 exd4 14. Nb5 c5 15. bxc5 Bxc5 16. a4 a6 17. Qc2 Qe7 18. Nbxd4 Bg4 19. e3 Kh8 20. Nb3 Bb4 21. a5 Rac8 22. Qa2 Nd5 23. Nbd4 Nc3 24. Qb2 Qc5 25. h3 Bh5 26. Nb3 Qe7 27. Kh1 Bg6 28. d4 Ne4 29. Rac1 Ba3 30. Qb1 Nxf2+ 31. Rxf2 Bxb1 32. Rxb1 Qxe3 33. Rff1 h5 34. d5 Bd6 35. Nfd4 Qxg3 36. Nf3 Re2 37. Rg1 Rcc2 0-1